Music Quiz

Random Music or Clip Quiz

Ebony and Ivory Quiz Stats

 Plays Quiz Updated Sep 5, 2019

Score 0/50 Timer 16:00
1 Play Today
Time Song % Correct
4:15-4:22Imagine
73.2%
3:47-3:56Don't Stop Believin'
72.2%
0:00-0:08(Everything I Do) I Do It for You
71.3%
7:07-7:14Lean On Me
65.2%
6:03-6:12We Are Family
64.2%
2:16-2:25December, 1963 (Oh, What a Night)
60.3%
2:44-2:52How to Save a Life
57.7%
5:18-5:25Bad Day
56.4%
1:58-2:06Cold as Ice
56.2%
0:47-0:55Walking in Memphis
55.1%
3:02-3:11F**k You
54.8%
2:07-2:15Build Me Up Buttercup
52.4%
3:39-3:46Tiny Dancer
51.8%
6:58-7:06Baba O'Riley
51.5%
5:35-5:44Somebody to Love
46.2%
6:49-6:57Total Eclipse of the Heart
45.4%
6:30-6:38Apologize
44.7%
2:26-2:34I Can't Help Myself (Sugar Pie Honey Bunch)
44.4%
0:18-0:27Airplanes
42.1%
1:40-1:48Bring Me to Life
42%
5:53-6:02Bridge Over Troubled Water
41.8%
1:49-1:57100 Years
38.7%
3:22-3:28The Reason
38.3%
4:50-4:58Right Here Waiting
38.1%
0:28-0:37(They Long to Be) Close to You
36.2%
Time Song % Correct
6:21-6:29Come Sail Away
35%
0:56-1:04Against All Odds (Take a Look at Me Now)
33.1%
1:32-1:39Layla
32.1%
5:09-5:179 to 5
31.4%
3:12-3:21Alone
29.9%
3:29-3:38The Way It Is
29%
6:39-6:48Hold the Line
25.6%
1:05-1:12Bad, Bad Leroy Brown
24.5%
4:32-4:41Amazed
23.9%
4:59-5:08I'd Do Anything for Love (But I Won't Do That)
23.9%
0:09-0:17It Ends Tonight
23.7%
5:45-5:52Keep On Loving You
22.5%
1:22-1:31Chariot
22.1%
3:57-4:04If I Ain't Got You
17.8%
2:35-2:43Think
16.2%
4:42-4:49Sunday Morning
15%
4:23-4:31Better in Time
14.6%
6:13-6:20Morning Has Broken
13.4%
0:38-0:46You Are So Beautiful
12.4%
1:13-1:21Arthur's Theme (Best That You Can Do)
12.3%
2:53-3:01Better Days
11.6%
5:26-5:34Nothing from Nothing
11%
7:15-7:24Wait for You
10.5%
4:05-4:14When You're Gone
8.9%
7:25-7:32Soulful Strut
2.2%

You're not logged in!

Compare scores with friends on all Sporcle quizzes.
OR
Log In

Sporcle TV

Today on Sporcle TV


Watch our educational content, quiz creation guides, and fun videos on Sporcle TV.

Show Comments

Extras

Top Quizzes Today


Score Distribution

Your Account Isn't Verified!

In order to create a playlist on Sporcle, you need to verify the email address you used during registration. Go to your Sporcle Settings to finish the process.

Report this User

Report this user for behavior that violates our Community Guidelines.

Details: